The Story of Contract Law Implementing the Bargain /

Detalles Bibliográficos
Autor principal: Ricks, Val
Formato: eBook
Lenguaje:inglés
Publicado: Chicago: The Center for Computer - Assisted Legal Instruction (CALI), 2017
Materias:
Acceso en línea:Acceso restringido

MARC

LEADER 00000nam a22000007a 4500
005 20180426013425.0
007 cr|||| ||||
008 180426s2017 us |||||s|||| 00||0 eng d
035 |a 21491 
040 |a vLex 
090 |c 7825  |d 7825 
100 1 |a Ricks, Val 
245 1 3 |a The Story of Contract Law  |h [Recurso electrn̤ico] :  |b Implementing the Bargain /  |c Val Ricks 
256 |a Servicio en ln̕ea 
260 |a Chicago:  |b The Center for Computer - Assisted Legal Instruction (CALI),  |c 2017 
300 |a 1 recurso electrn̤ico 
506 1 |a Disponible solo en los productos indicados  |d vLex Global  |d vLex Global (Academic Edition, excluding Law Schools)  |d vLex Global (U.S. Academic Edition, Law Schools)  |d vLex Global (U.S. Academic Edition, excluding Law Schools)  |d vLex Global (Academic Edition, Law Schools) 
650 0 4 |a Derecho Civil  |z Estados Unidos 
740 0 |a vLex Libros (Servicio en ln̕ea) 
856 4 0 |u http://vlex.com/source/story-contract-law-implementing-bargain-21491  |z Acceso restringido 
942 |c BOOK 
999 0 |a Civil Law